Role of Uncertainty in Debt-Growth Nexus

Analýza neistoty ako jedného z faktorov, ktoré ovplyvňujú vzťah medzi hospodárskym rastom a verejným dlhom. Empirická analýza založená na neoklasickom modeli rastu, ktorý sa s rôznymi modifikáciami stal konvenčným nástrojom na analýzu faktorov, ktoré ovplyvňujú vzťah verejného dlhu a hospodárskeho r...

Ausführliche Beschreibung

Gespeichert in:
Bibliographische Detailangaben
1. Verfasser: Butkus, Mindaugas
Weitere Verfasser: Cibulskienė, Diana, Garsviene, Lina, Seputiene, Janina
Format: Buchkapitel
Sprache:Englisch
Schlagworte:
Tags: Tag hinzufügen
Keine Tags, Fügen Sie das erste Tag hinzu!

MARC

LEADER 00000naa a2200000 4500
001 0282700
005 20220316082118.1
041 0 |a eng 
044 |a CZ 
245 1 0 |a Role of Uncertainty in Debt-Growth Nexus  |c Mindaugas Butkus, Diana Cibulskienė, Lina Garsviene, Janina Seputiene 
520 |a Analýza neistoty ako jedného z faktorov, ktoré ovplyvňujú vzťah medzi hospodárskym rastom a verejným dlhom. Empirická analýza založená na neoklasickom modeli rastu, ktorý sa s rôznymi modifikáciami stal konvenčným nástrojom na analýzu faktorov, ktoré ovplyvňujú vzťah verejného dlhu a hospodárskeho rastu. 
610 2 0 |a riziko finančné 
610 2 0 |a dlhy verejné 
610 2 0 |a rast hospodársky 
610 2 0 |a prémie 
610 2 0 |a riziko 
610 2 0 |a úrok 
610 2 0 |a analýza empirická 
610 2 0 |a modely rastu neoklasické 
100 1 |a Butkus, Mindaugas 
700 1 |a Cibulskienė, Diana 
700 1 |a Garsviene, Lina 
700 1 |a Seputiene, Janina